[Event "Druga liga CS Zapad - 2017"]
[Site "Kragujevac-H"]
[Date "2017.10.06"]
[Round "7.5"]
[White "Matovic, Petar"]
[Black "Djukic, Sinisa"]
[Result "1/2-1/2"]
[WhiteElo "2181"]
[BlackElo "2058"]
[PlyCount "98"]
[EventDate "2017.09.08"]

1. d4 d5 2. Bf4 Nf6 3. e3 e6 4. Nf3 Nbd7 5. Nbd2 b6 6. Bb5 Bb7 7. Ne5 a6 8. Bd3
Nxe5 9. dxe5 Ne4 10. O-O Nxd2 11. Qxd2 Be7 12. Qe2 c5 13. Rfd1 Qc7 14. b3 a5
15. a4 O-O-O 16. Ba6 Kb8 17. Bxb7 Kxb7 18. c4 Qc6 19. Qf3 f5 20. exf6 Bxf6 21.
Rab1 Rd7 22. Kf1 Rhd8 23. Ke2 e5 24. cxd5 Rxd5 25. Rxd5 Rxd5 26. Bg3 c4 27. Rc1
e4 28. Qf4 c3 29. Qxe4 Rd2+ 30. Kf3 Qxe4+ 31. Kxe4 c2 32. Be5 Bxe5 33. Kxe5
Rxf2 34. g4 Kc6 35. Kd4 Rxh2 36. g5 b5 37. Kc3 bxa4 38. bxa4 h5 39. gxh6 gxh6
40. Kb2 Kd5 41. Rf1 Ke4 42. Rf8 Kxe3 43. Rf5 Kd4 44. Rxa5 Re2 45. Rh5 Re6 46.
Kxc2 Kc4 47. Rh4+ Kc5 48. Kd3 Kb6 49. Rh5 Rg6 1/2-1/2

[Event "Druga liga CS Zapad - 2017"]
[Site "Kragujevac-H"]
[Date "2017.10.06"]
[Round "7.5"]
[White "Bojovic, Zoran"]
[Black "Markovic, Aleksandar **"]
[Result "1/2-1/2"]
[WhiteElo "2067"]
[BlackElo "2164"]
[PlyCount "116"]
[EventDate "2017.09.08"]

1. e4 d6 2. d4 Nf6 3. Nc3 e5 4. dxe5 dxe5 5. Qxd8+ Kxd8 6. Bc4 Ke8 7. Nf3 Bd6
8. h3 c6 9. Bg5 Nbd7 10. O-O-O Bc7 11. a3 Nc5 12. Rhe1 a5 13. a4 Nfd7 14. Be3
Ke7 15. Nh4 g6 16. g3 Ne6 17. Ng2 Bd6 18. f4 Bc5 19. Bxe6 Kxe6 20. f5+ gxf5 21.
exf5+ Kxf5 22. Rxd7 Bxd7 23. Bxc5 f6 24. Ne3+ Kg6 25. g4 h5 26. Rf1 hxg4 27.
hxg4 Rh4 28. Ne4 Bxg4 29. Rxf6+ Kg7 30. Rf2 Be6 31. Ng5 Rh1+ 32. Kd2 Bd5 33. c4
Bg8 34. Bd6 Rd8 35. Kc2 Rh5 36. Bxe5+ Kg6 37. Nf3 b5 38. Rg2+ Kf7 39. axb5 cxb5
40. c5 Bh7+ 41. Kc1 Rd3 42. Ng5+ Rxg5 43. Rxg5 Rxe3 44. c6 Be4 45. c7 Bb7 46.
Bd4 Re6 47. Rg7+ Ke8 48. Kd2 Re7 49. Rg8+ Kd7 50. Bb6 Re8 51. Rg5 Kc6 52. Bxa5
Re6 53. Kd3 Kd7 54. Kd4 Ra6 55. Rxb5 Rd6+ 56. Kc5 Rd5+ 57. Kb6 Rxb5+ 58. Kxb5
Bg2 1/2-1/2

[Event "Druga liga CS Zapad - 2017"]
[Site "Kragujevac-H"]
[Date "2017.10.06"]
[Round "7.5"]
[White "Roljevic, Djordje"]
[Black "Radenkovic, Aleksa *"]
[Result "1-0"]
[WhiteElo "2116"]
[BlackElo "1965"]
[PlyCount "133"]
[EventDate "2017.09.08"]

1. d4 d5 2. Nf3 c6 3. c4 e6 4. Qc2 f5 5. Bf4 Nf6 6. e3 Be7 7. Nc3 O-O 8. O-O-O
Bd7 9. h3 a5 10. Kb1 Na6 11. Ne5 dxc4 12. Bxc4 b5 13. Be2 a4 14. Bf3 Nb4 15.
Qd2 Nfd5 16. Nxd5 Nxd5 17. Bxd5 cxd5 18. Rc1 Rc8 19. Rxc8 Qxc8 20. Rc1 Qd8 21.
Nxd7 Qxd7 22. Rc7 Qe8 23. Qc2 h6 24. Be5 Kh7 25. Qc6 Qxc6 26. Rxc6 Bb4 27. Rxe6
Rc8 28. a3 Bd2 29. Re7 Rc1+ 30. Ka2 h5 31. Rxg7+ Kh6 32. Rd7 Rc2 33. Rd6+ Kh7
34. Rxd5 b4 35. axb4 Bxb4 36. Rd7+ Kg6 37. Rg7+ Kh6 38. Rb7 Bf8 39. Rb6+ Kh7
40. Bg3 Rd2 41. Kb1 a3 42. bxa3 Bxa3 43. Rb3 Bf8 44. Rb2 Rd1+ 45. Kc2 Rg1 46.
d5 Rxg2 47. Kd3 Kg8 48. d6 Kf7 49. Rb7+ Ke6 50. Rb8 Bxd6 51. Rb6 Rxg3 52. fxg3
Kd5 53. Rb5+ Ke6 54. e4 fxe4+ 55. Kxe4 Bxg3 56. Rxh5 Kf6 57. Kf3 Be1 58. Kg4
Kg6 59. Re5 Bc3 60. Re6+ Bf6 61. h4 Kf7 62. Ra6 Bc3 63. h5 Kg7 64. h6+ Kh7 65.
Kh5 Bb4 66. Ra7+ Kg8 67. Kg6 1-0

[Event "Druga liga CS Zapad - 2017"]
[Site "Kragujevac-H"]
[Date "2017.10.06"]
[Round "7.5"]
[White "Micic, Aleksa **"]
[Black "Ivanovic, Zoran B"]
[Result "0-1"]
[WhiteElo "1549"]
[BlackElo "1975"]
[PlyCount "110"]
[EventDate "2017.09.08"]

1. e4 Nf6 2. e5 Nd5 3. d4 d6 4. Nf3 dxe5 5. dxe5 Bg4 6. c4 Nb4 7. Qxd8+ Kxd8 8.
Na3 N8c6 9. Bf4 Ke8 10. Nb5 Rc8 11. Rd1 e6 12. a3 Nc2+ 13. Kd2 Bxf3 14. gxf3
N2d4 15. Nxd4 Nxd4 16. Ke3 Nc6 17. b4 a5 18. b5 Bc5+ 19. Ke4 Ne7 20. a4 Bxf2
21. Bg3 Bc5 22. Bh3 g5 23. Be1 b6 24. Bd2 Rg8 25. Bg4 Rd8 26. Bc3 Rxd1 27. Rxd1
h5 28. Bxh5 Rh8 29. Bg4 Rxh2 30. Rd2 Rh1 31. Rc2 Ng6 32. Re2 Rc1 33. Bd2 Rxc4+
34. Kd3 Rxa4 35. Bxg5 Ra3+ 36. Kc4 Ra4+ 37. Kc3 Nxe5 38. Rh2 Bd4+ 39. Kb3 Rb4+
40. Ka2 Nxg4 41. fxg4 Rxb5 42. Bh4 Be5 43. Rd2 Rd5 44. Rg2 Bf4 45. Rg1 b5 46.
g5 Rd2+ 47. Kb3 Be5 48. g6 fxg6 49. Rxg6 Kd7 50. Rh6 c5 51. Rh7+ Kc6 52. Ka3 c4
53. Rc7+ Bxc7 54. Be7 Bd6+ 55. Bxd6 Rxd6 0-1

[Event "Druga liga CS Zapad - 2017"]
[Site "Kragujevac-H"]
[Date "2017.10.06"]
[Round "7.6"]
[White "Aleksic, Milan"]
[Black "Vujic, Mihailo"]
[Result "1/2-1/2"]
[WhiteElo "2244"]
[BlackElo "2339"]
[PlyCount "28"]
[EventDate "2017.09.08"]

1. e4 e5 2. Nf3 Nc6 3. Bb5 f5 4. Nc3 fxe4 5. Nxe4 d5 6. Nxe5 dxe4 7. Nxc6 Qg5
8. Qe2 Nf6 9. f4 Qxf4 10. d4 Qh4+ 11. g3 Qh3 12. Ne5+ c6 13. Bc4 Be6 14. Bg5
O-O-O 1/2-1/2

[Event "Druga liga CS Zapad - 2017"]
[Site "Kragujevac-H"]
[Date "2017.10.06"]
[Round "7.6"]
[White "Tojagic, Dane"]
[Black "Markovic, Sasa"]
[Result "1/2-1/2"]
[WhiteElo "2283"]
[BlackElo "2158"]
[PlyCount "91"]
[EventDate "2017.09.08"]

1. c4 Nf6 2. Nc3 g6 3. e4 d6 4. d4 Bg7 5. f3 O-O 6. Be3 e5 7. d5 Ne8 8. Qd2 f5
9. Bd3 f4 10. Bf2 g5 11. c5 dxc5 12. Bxc5 Nd6 13. O-O-O Nd7 14. Bf2 Nf6 15. Nb5
a6 16. Nxd6 cxd6 17. Ne2 b5 18. Kb1 g4 19. Nc1 Bd7 20. Be2 h5 21. Nd3 a5 22.
Rc1 b4 23. Rc2 b3 24. axb3 Qb8 25. Rc3 Qb7 26. Rhc1 Rfb8 27. Rc7 Qxb3 28. R1c3
Qa4 29. Qc2 Ne8 30. Qxa4 Bxa4 31. Ra7 Rxa7 32. Bxa7 Rb7 33. Bf2 Bd7 34. Nc1 Bf6
35. Ba6 Rb8 36. Rb3 Rxb3 37. Nxb3 Bd8 38. Nd2 h4 39. fxg4 Bxg4 40. h3 Bh5 41.
Kc2 Bg6 42. Bd3 Kg7 43. Nf3 Nf6 44. Bxh4 Bb6 45. Nd2 Bc5 46. g3 1/2-1/2

[Event "Druga liga CS Zapad - 2017"]
[Site "Kragujevac-H"]
[Date "2017.10.06"]
[Round "7.6"]
[White "Jovanovic, Milovan"]
[Black "Milovanovic, Nenad"]
[Result "1/2-1/2"]
[WhiteElo "2150"]
[BlackElo "2146"]
[PlyCount "144"]
[EventDate "2017.09.08"]

1. d4 Nf6 2. c4 d6 3. Nc3 Nbd7 4. e4 e5 5. d5 Be7 6. Bd3 O-O 7. Nge2 Re8 8. O-O
h6 9. Bd2 Nh7 10. b4 Bg5 11. Ng3 a5 12. Bxg5 Nxg5 13. a3 b6 14. Qd2 Nh7 15. Nf5
Ndf8 16. f4 exf4 17. Qxf4 Ng6 18. Qf2 Ne5 19. Be2 Bd7 20. c5 Bxf5 21. exf5 Nf6
22. Qd4 Re7 23. cxb6 cxb6 24. Bb5 axb4 25. Qxb4 Rc7 26. Rac1 Rc5 27. Qb3 Qc8
28. h3 Kh8 29. a4 Nxd5 30. Ne2 Nf6 31. Rcd1 d5 32. Nd4 Qc7 33. Qg3 Rc3 34. Qh4
Rc8 35. Kh1 Qd6 36. Ba6 R8c4 37. Bxc4 Rxc4 38. g4 Ne4 39. f6 Nxf6 40. Nf5 Qc7
41. Nxh6 Nh7 42. Nf5 Ng6 43. Qg3 Qxg3 44. Nxg3 Nf4 45. Nh5 Nxh5 46. gxh5 Nf6
47. h6 Rxa4 48. hxg7+ Kxg7 49. Rf5 Kg6 50. Rdf1 Ne4 51. R5f3 f6 52. Rg1+ Kf7
53. Rb3 Ra2 54. Rg2 Ra4 55. Rxb6 Ng5 56. Rb3 Ke6 57. Kh2 Ra8 58. Rf2 Ne4 59.
Rg2 Rh8 60. Ra2 Ke5 61. Rf3 Ng5 62. Re2+ Ne4 63. Kg1 Rh7 64. Rh2 Rh4 65. Kf1
Ng5 66. Rg3 Ne4 67. Rg4 Rxg4 68. hxg4 Kf4 69. Rg2 Ng3+ 70. Kf2 Ne4+ 71. Ke2
Ng3+ 72. Kf2 Ne4+ 1/2-1/2

[Event "Druga liga CS Zapad - 2017"]
[Site "Kragujevac-H"]
[Date "2017.10.06"]
[Round "7.6"]
[White "Djokovic, Ivan"]
[Black "Simic, Goran S"]
[Result "1-0"]
[WhiteElo "2070"]
[BlackElo "2072"]
[PlyCount "83"]
[EventDate "2017.09.08"]

1. e4 d6 2. Nf3 Nf6 3. Nc3 g6 4. Bc4 Bg7 5. O-O O-O 6. d3 Nc6 7. a3 Bg4 8. h3
Bxf3 9. gxf3 Qd7 10. Kg2 e5 11. Ne2 Nh5 12. c3 Ne7 13. Ng3 Nf6 14. Bg5 d5 15.
Ba2 Rfe8 16. Qb3 c6 17. Rad1 Qc7 18. h4 h5 19. Rfe1 Rad8 20. Rg1 Rd7 21. Kh2
Kh7 22. Rg2 Neg8 23. Rdg1 Re6 24. Qc2 Red6 25. Be3 Bh6 26. d4 Bxe3 27. fxe3 Re6
28. Kh1 Re8 29. Bb1 exd4 30. cxd4 dxe4 31. Nxe4 Nxe4 32. fxe4 Nf6 33. e5 Ng4
34. Rxg4 hxg4 35. h5 Rg8 36. Rxg4 Qd8 37. hxg6+ fxg6 38. Qh2+ Kg7 39. Rxg6+ Kf8
40. Qh6+ Rdg7 41. Ba2 Qa5 42. Rxg7 1-0

[Event "Druga liga CS Zapad - 2017"]
[Site "Kragujevac-H"]
[Date "2017.10.06"]
[Round "7.6"]
[White "Osatovic, Aleksandar"]
[Black "Milentijevic, Vojislav"]
[Result "1-0"]
[WhiteElo "2138"]
[BlackElo "1978"]
[PlyCount "85"]
[EventDate "2017.09.08"]

1. d4 Nf6 2. c4 g6 3. Nc3 Bg7 4. e4 d6 5. Nf3 O-O 6. Bg5 h6 7. Bh4 c6 8. Bd3
Nbd7 9. e5 dxe5 10. dxe5 Nc5 11. Bc2 Nfd7 12. Qe2 Re8 13. O-O Nf8 14. h3 Qb6
15. Rab1 a5 16. Kh1 Be6 17. Nd2 f5 18. f4 Qc7 19. g4 Qc8 20. Rg1 Rb8 21. Bf2
Na6 22. gxf5 Bxf5 23. Bxf5 Qxf5 24. Qg4 Red8 25. Nde4 Qxg4 26. Rxg4 Kf7 27. Bb6
Rd3 28. Kg2 Nd7 29. Ba7 Rd8 30. Re1 Nf8 31. Bb6 Rb8 32. a3 Ne6 33. Rf1 Nd4 34.
Nf2 Rd2 35. Nce4 Rxb2 36. Bxd4 Rc2 37. e6+ Kf8 38. Bxg7+ Kxg7 39. f5 g5 40. h4
Rf8 41. hxg5 Rxf5 42. gxh6+ Kh8 43. Ng5 1-0

[Event "Druga liga CS Zapad - 2017"]
[Site "Kragujevac-H"]
[Date "2017.10.06"]
[Round "7.6"]
[White "Brzakovic, Milos *"]
[Black "Popovic, Nemanja **"]
[Result "1-0"]
[WhiteElo "1721"]
[BlackElo "1475"]
[PlyCount "29"]
[EventDate "2017.09.08"]

1. e4 e5 2. Nf3 Nc6 3. d4 exd4 4. Nxd4 Nxd4 5. Qxd4 d6 6. Nc3 Nf6 7. Bg5 Be7 8.
O-O-O O-O 9. e5 dxe5 10. Qxe5 Bd6 11. Qd4 Be7 12. Qh4 Bd6 13. Ne4 Qe7 14. Nxf6+
gxf6 15. Bd3 1-0